000 00370nam a22001577a 4500
003 MPLRDC
005 20220104143334.0
008 210129b ||||| |||| 00| 0 eng d
082 _a411.12 LGZ
100 _a刘贵珍
245 _a实验气功疗法
_c
260 _a
_b太平书局
_c1961
300 _b
650 _a呼吸法--气功
942 _cBK
_o411.12 LGZ
999 _c38941
_d38931